Etats des Usa et leur capitales commençant par A - Statistiques

Statistiques générales
  • Ce quiz a été pris 24 fois
  • Le résultat moyen est 5 sur 8
Statistiques - réponses
Hint Réponse % Correct
État 1 Alabama
100%
État 4 Arkansas
95%
État 3 Arizona
91%
État 2 Alaska
86%
Capitale état 3 Phoenix
55%
Capitale état 2 Juneau
45%
Capitale état 1 Montgomery
18%
Capitale état 4 Litlte Rock
5%
Aucun quiz correspondant
Distribution des résultats
% des personnes avec chaque résultat
Percentile par nombre de réponses
Votre historique - résultats
Vous n’avez pas pris ce quiz